Statistics for What English county are these towns in?

Click here to take the quiz!

General Stats

  • This quiz has been taken 57 times
  • The average score is 9 of 10

Answer Stats

HintAnswer% Correct
Romford, Basildon, SouthendEssex
96%
Exmouth, Dartmouth, BarnstapleDevon
94%
Blackpool, Preston, BurnleyLancashire
94%
Guildford, Woking, DorkingSurrey
88%
Keswick, Penrith, CockermouthCumbria
87%
Great Yarmouth, North Walsham, FakenhamNorfolk
87%
Hexham, Morpeth, BlythNorthumberland
87%
Harrogate, Whitby, RichmondNorth Yorkshire
87%
Macclesfield, Crewe, NantwichCheshire
85%
Stroud, Tewksbury, CirencesterGloucestershire
79%

Score Distribution

Percentile by Number Answered

Percent of People with Each Score

Your Score History

You have not taken this quiz